New Headway English Course. Upper-Intermediate: Teacher's Book

Bibliografische gegevens
Hoofdauteur: Soars L. Liz
Andere auteurs: Soars J. John
Taal:Engels
Gepubliceerd in: New Vork, Oxford University Press, 2001
Editie:5-th ed.
Onderwerpen:
Formaat: MixedMaterials Boek
KOHA link:https://koha.lib.tpu.ru/cgi-bin/koha/opac-detail.pl?biblionumber=41417

MARC

LEADER 00000nam0a2200000 4500
001 41417
005 20231031014044.0
010 |a 0194358038 
035 |a (RuTPU)RU\TPU\book\42522 
090 |a 41417 
100 |a 20020618d2001 m y0engy50 ba 
101 0 |a eng 
102 |a US 
105 |a y j 001zy 
200 1 |a New Headway English Course. Upper-Intermediate  |e Teacher's Book  |f L. Soars, J. Soars 
205 |a 5-th ed. 
210 |a New Vork  |c Oxford University Press  |d 2001 
215 |a 176 p. 
320 |a Wordlist: p. 165-176 
610 1 |a английский язык 
610 1 |a учебные пособия 
610 1 |a лексика 
610 1 |a грамматика 
610 1 |a разговорная речь 
610 1 |a методика 
610 1 |a преподавание 
610 1 |a обучение 
686 |a Ш143.21-923  |v LBC/SL-A  |2 rubbk 
700 1 |a Soars  |b L.  |g Liz 
701 1 |a Soars  |b J.  |g John 
801 1 |a RU  |b 63413507  |c 20020618  |g PSBO 
801 2 |a RU  |b 63413507  |c 20120403  |g PSBO 
942 |c BK